Travel dictionary : bahasa Korea
| Format: | Book |
|---|---|
| Published: |
KL :
Synergy Media ,
[s.n]
|
| Subjects: |
MARC
| LEADER | 00000cam a2200000 7i4500 | ||
|---|---|---|---|
| 001 | 0000041385 | ||
| 005 | 20140725.0 | ||
| 008 | 140725 | ||
| 020 | |a 9674441159 | ||
| 090 | 0 | 0 | |a 495.73 |b TRA |
| 245 | 1 | 0 | |a Travel dictionary : |b bahasa Korea |
| 260 | |a KL : |b Synergy Media , |c [s.n] | ||
| 650 | 0 | |a Dictionary |x Travel guide | |
| 999 | |a 0001271090 |b Book |c Adult Collection |e Cawangan Taman Sri Lambak | ||
| 999 | |a 0001271091 |b Book |c Adult Collection |e Cawangan Muar | ||
| 999 | |a 0001271093 |b Book |c Adult Collection |e Cawangan Pontian | ||